| 000 | 01324nam a2200313 a 4500 | ||
|---|---|---|---|
| 999 |
_c407512 _d407512 |
||
| 003 | BLK | ||
| 005 | 20240321124157.0 | ||
| 008 | 180409b bul|||||r ||||||| ||bul|| | ||
| 040 | _aBLK | ||
| 041 |
_aBUL _cBUL |
||
| 080 |
_aЕзикознание. Аспекти в езикознанието _b81`1/`4 _x=163.1 _z81`1/`4=163.1 |
||
| 100 |
_aБогоров, Иван Андреев _dок. 1818 - 1892 _gкнижовник, педагог, езиковед _9332592 |
||
| 139 |
_aБогоров, Иван Андреев _bБ 55 |
||
| 245 | 1 | 0 |
_aСловница за изучванье народныа нашъ языкъ _cотъ И. Богорова |
| 250 | _a3. изд. | ||
| 257 | _aBGR | ||
| 260 |
_c1880 _aСофия _9217111 _bкнигопеч. Янко С. Ковачев |
||
| 300 |
_a48 с. _c22 см |
||
| 380 | _a80 | ||
| 490 |
_9435080 _aКолекция Редки и ценни издания |
||
| 500 | _a1. изд. 1848. | ||
| 505 | _gС автограф: подпис и печат Теодоръ Стефановъ Вълчевъ | ||
| 650 | 0 |
_aЕзикознание, българско _9241866 |
|
| 653 | 7 |
_aстаробългарски език _9197318 |
|
| 852 |
_aРб 880 _bРц |
||
| 942 |
_cKNG _n0 _s1 |
||
| 944 |
_aCR _c2021-04-12 _lНора Радева _k30545 |
||
| 999 | _d407512 | ||